| 000 | 00000nam##2200000za#4500 |
| 001 | 9.639340 |
| 003 | CaOODSP |
| 005 | 20220328113315 |
| 007 | cr ||||||||||| |
| 008 | 150407|2000||||xxc|||||o f|0| 0 fre|d |
| 040 | |aCaOODSP|bfre |
| 043 | |an-cn--- |
| 086 | 1 |aC2-524/2000F-PDF |
| 110 | 1 |aCanada. |bIndustrie Canada. |
| 245 | 10|aLes chemins de la croissance : |h[ressource électronique]|bpossibilités dans le secteur de la biotechnologie |
| 260 | |aOttawa - Ontario : |bIndustrie Canada |c[2000]. |
| 300 | |a42p.|bfigures, graphiques, tableaux, photographies |
| 500 | |aSommaire: L'industrie canadienne de la biotechnologie: aperçu.--Recherche-développement, transfert de technologie et commercialisation.--Financement et accès au capital.--Perfectionnement des compétences et ressources humaines.--Réglementation et propriété intellectuelle.--Investissement étranger et échange commerciaux.--Conclusion: le Canada à l'heure de la biotechnologie. |
| 500 | |aLe n° de catalogue (C2-524/2000F) et l'ISBN (0-662-85013-0) de l'édition imprimée ont été incorrectement copiés dans l'édition électronique. |
| 590 | |a11-28-Supp|b2011-11-17 |
| 691 | 07|aBiotechnologie|2gcpds |
| 691 | 07|aTransfert technologique|2gcpds |
| 691 | 07|aFinancement|2gcpds |
| 775 | 08|tPathways to growth : |w(CaOODSP)9.695195 |
| 776 | 0#|tLes chemins de la croissance: possibilités dans le secteur de la biotechnologie |w(CaOODSP)9.681250 |
| 856 | 40|ahttp://publications.gc.ca|qPDF|s2.69 Mo|uhttps://publications.gc.ca/collections/Collection/C2-524-2000F.pdf |
| 986 | |a53198 F |